Central Library OPAC University of Rajshahi

Mangone's concise marine almanac / (Record no. 58827)

MARC details
000 -LEADER
fixed length control field 00998nam a2200289 a 4500
001 - CONTROL NUMBER
control field 58827
003 - CONTROL NUMBER IDENTIFIER
rucl marc code BD-RjUL
005 - DATE AND TIME OF LATEST TRANSACTION
control field 20211209080648.0
008 - FIXED-LENGTH DATA ELEMENTS--GENERAL INFORMATION
fixed length control field 161220s1991 nyu 001 0 eng d
020 ## - INTERNATIONAL STANDARD BOOK NUMBER
International Standard Book Number 0844816744
035 ## - SYSTEM CONTROL NUMBER
System control number (BD-RjUL) 58951
040 ## - CATALOGING SOURCE
Original cataloging agency BD-RjUL
Language of cataloging eng
Transcribing agency BD-RjUL
Modifying agency BD-RjUL
041 ## - LANGUAGE CODE
Language code of text/sound track or separate title eng
082 ## - DEWEY DECIMAL CLASSIFICATION NUMBER
Classification number 551.46
Edition number 23
Author mark and year MAM 1991
100 1# - MAIN ENTRY--PERSONAL NAME
Personal name Mangone, Gerard J.
Fuller form of name (Gerard Joseph)
9 (RLIN) 174897
245 10 - TITLE STATEMENT
Title Mangone's concise marine almanac /
Statement of responsibility, etc. Gerard J. Mangone
250 ## - EDITION STATEMENT
Edition statement 2nd rev. and expanded ed.
260 ## - PUBLICATION, DISTRIBUTION, ETC. (IMPRINT)
Place of publication, distribution, etc. New York ;
-- London :
Name of publisher, distributor, etc. Taylor & Francis,
Date of publication, distribution, etc. c1991
300 ## - PHYSICAL DESCRIPTION
Pagination viii, 199 p. ;
Size 24 cm
504 ## - BIBLIOGRAPHY, ETC. NOTE
Bibliography, etc Includes bibliographic references
650 #0 - SUBJECT ADDED ENTRY--TOPICAL TERM
Topical term or geographic name as entry element Oceanography
General subdivision Handbooks, manuals, etc.
9 (RLIN) 174898
Topical term or geographic name as entry element Marine resources
General subdivision Handbooks, manuals, etc.
9 (RLIN) 174899
Topical term or geographic name as entry element Navies
General subdivision Handbooks, manuals, etc.
9 (RLIN) 174900
Topical term or geographic name as entry element Merchant marine
General subdivision Handbooks, manuals, etc.
9 (RLIN) 174901
Topical term or geographic name as entry element Fisheries
General subdivision Handbooks, manuals, etc.
9 (RLIN) 174902
942 ## - ADDED ENTRY ELEMENTS (KOHA)
Source of classification or shelving scheme Dewey Decimal Classification
Koha item type Books
Holdings
Lost status Source of classification or shelving scheme Damaged status Not for loan Collection code Permanent Location Current Location Shelving location Date acquired Source of acquisition Cost, normal purchase price Total Checkouts Full call number Date last seen Copy number Koha item type
  Dewey Decimal Classification   Not For Loan Non-fiction Central Library, University of Rajshahi Central Library, University of Rajshahi Reading Room 24/12/2005 Paragon Enterprise Ltd., Dhaka 44.00   551.46 MAM 1991 20/12/2016 C-1 Books